Not yet democracy: the transition of the twin process of political and economic reform in Zambia (1991-2001) (Record no. 52389)

MARC details
000 -LEADER
fixed length control field 00851nam a2200193 a 4500
008 - FIXED-LENGTH DATA ELEMENTS--GENERAL INFORMATION
fixed length control field 091026s2002 ||||||||||||||||| || u
020 ## - INTERNATIONAL STANDARD BOOK NUMBER
International Standard Book Number 9982816012
050 ## - LIBRARY OF CONGRESS CALL NUMBER
Classification number JQ 2898.M68 Chi
100 ## - MAIN ENTRY--PERSONAL NAME
Personal name Chitala, Mbita Chintundya, 1955-
245 10 - TITLE STATEMENT
Title Not yet democracy: the transition of the twin process of political and economic reform in Zambia (1991-2001)
Statement of responsibility, etc. Mbita Chintundya Chitala
260 ## - PUBLICATION, DISTRIBUTION, ETC.
Place of publication, distribution, etc. Lusaka
Name of publisher, distributor, etc. Zambia Research Foundation
Date of publication, distribution, etc. [2002]
300 ## - PHYSICAL DESCRIPTION
Extent ix, 342p.
350 ## - PRICE (NR) (BK AM CF MU VM SE) [OBSOLETE]
Price 50000.00
650 ## - SUBJECT ADDED ENTRY--TOPICAL TERM
Topical term or geographic name entry element ZAMBIA--POLITICS AND GOVERNMENT--MOVEMENT FOR MULTI-PARTY DEMOCRACY (MMD)
650 #0 - SUBJECT ADDED ENTRY--TOPICAL TERM
Topical term or geographic name entry element ZAMBIA--POLITICS AND GOVERNMENT
650 ## - SUBJECT ADDED ENTRY--TOPICAL TERM
Topical term or geographic name entry element POLITICS
650 #0 - SUBJECT ADDED ENTRY--TOPICAL TERM
Topical term or geographic name entry element ZAMBIA--ECONOMIC POLICY
995 ## - RECOMMENDATION 995 [LOCAL, UNIMARC FRANCE]
-- 50000.00
-- CBU-MAIN LIBRARY (Kitwe)
-- 1
-- 50000.00
-- 1
-- AVAILABLE
-- Nov 23, 2009
-- Zambiana Collection
Holdings
Withdrawn status Lost status Source of classification or shelving scheme Damaged status Not for loan Home library Current library Shelving location Date acquired Total Checkouts Full call number Barcode Date last seen Price effective from Koha item type
          CBU-MAIN LIBRARY, KITWE. CBU-MAIN LIBRARY, KITWE.   11/30/2022   JQ 2898.M68 Chi 740449 11/30/2022 11/30/2022 MONOGRAPH